000 00954nam a22002417a 4500
005 20240530110816.0
008 160207s2012 ua ao f b 000 0 ara d
017 _a2011/10056
_bمصر . دار الكتب المصرية
020 _a9771027115
040 _aEG-CaGPL
082 0 4 _221
_a796.3\
_bأ ك
100 0 _aاحمد ادم الشندويلى .
245 1 0 _aكرة الهدف للمعاقين بصريا /
_cتاليف احمد ادم الشندويلى ، محمد السيد فرحات .
250 _aط1.
260 _aالقاهرة :
_bدار الفكر العربى ،
_c2012 .
300 _a340 ص :
_bصور ؛
_c24 سم .
504 _aيشتمل على ارجاعات ببليوجرافية
650 0 4 _aالمكفوفون .
650 0 4 _aالمكفوفون
_xكرة الهدف .
700 0 _aمحمد السيد فرحات
_eمؤلف مشارك .
942 _2ddc
_cBK
999 _c65272
_d65272